000
00312nam a2200121Ia 4500
008
180730s9999||||xx |||||||||||||| ||und||
082
_a
823
_b
MAR/M
100
_a
Marketing Management
245
0
_a
Management Control Systems
260
_a
Nagaland
_b
The Global Open University
_c
2011
300
_a
215p
942
_a
BK
999
_c
2168
_d
2168